Juan Pablo II en Chile

Uloženo v:
Podrobná bibliografie
Médium: Kniha
Jazyk:španělština
Vydáno: Santiago Fundación Nacional de la Cultura 1988
Vydání:3a. ed
Témata:
Tagy: Přidat tag
Žádné tagy, Buďte první, kdo vytvoří štítek k tomuto záznamu!

MARC

LEADER 00000nam a2200000 a 4500
001 UCH7926
003 CL-VaPUC
008 091127e19880000CL |||||||||||||||||spa|d
082 0 4 |a 262.13  |b JUA  |2 21 
245 1 0 |a Juan Pablo II en Chile 
250 |a 3a. ed 
300 |a 136 p 
942 |c BK 
945 |d 20091127 00:00:00  |a lazolas 
260 |a Santiago  |b Fundación Nacional de la Cultura  |c 1988 
600 0 |a Juan Pablo II  |9 309920 
650 0 |a Biografías  |9 255210 
650 0 |a Viajes  |9 257115 
583 |a last modification  |c 20091127 00:00:00  |k Rodrigo Vera 
999 |c 338233  |d 338231